000 00531nam a2200193Ia 4500
003 OSt
005 20221007083117.0
006 a|||||r|||| 00| 0
007 ta
008 221006b |||||||| |||| 00| 0 eng d
024 _a22,873
037 _cDissertations
040 _aFLL
_cFLL
_beng
041 _2eng
_aeng
100 _aGoel Asha
_9566575
245 0 _aMinority V. majority
_b rights and obligations of shareholders under the companies Act 1956
942 _cDIS
_2CC
999 _c1168834
_d1168834